Democracy and the student left

में बचाया:
ग्रंथसूची विवरण
मुख्य लेखक: Kennan, George
स्वरूप: पुस्तक
भाषा:Undetermined
प्रकाशित: London Hutchinson of London 1968
विषय:
टैग : टैग जोड़ें
कोई टैग नहीं, इस रिकॉर्ड को टैग करने वाले पहले व्यक्ति बनें!
Thư viện lưu trữ: Trung tâm Học liệu Trường Đại học Cần Thơ
LEADER 00536nam a2200193Ia 4500
001 CTU_85109
008 210402s9999 xx 000 0 und d
082 |a 378.1 
082 |b K34 
100 |a Kennan, George 
245 0 |a Democracy and the student left 
245 0 |c George Kennan 
260 |a London 
260 |b Hutchinson of London 
260 |c 1968 
650 |a College students 
650 |x Political activity,Addresses, essays, lectures 
904 |i Mai Loan 
980 |a Trung tâm Học liệu Trường Đại học Cần Thơ